Introduction to remote sensing (Record no. 104432)
[ view plain ]
| 000 -LEADER | |
|---|---|
| fixed length control field | 01320cam a2200217 4500 |
| 001 - CONTROL NUMBER | |
| control field | ##L130294 |
| 008 - FIXED-LENGTH DATA ELEMENTS--GENERAL INFORMATION | |
| fixed length control field | 050712n2002 000 0 eng u |
| 020 ## - INTERNATIONAL STANDARD BOOK NUMBER | |
| International Standard Book Number | 0415282942 |
| 035 ## - SYSTEM CONTROL NUMBER | |
| System control number | (Sirsi) u130294 |
| 041 0# - LANGUAGE CODE | |
| Language code of text/sound track or separate title | eng |
| 050 04 - LIBRARY OF CONGRESS CALL NUMBER | |
| Classification number | 526.982 $2 18 |
| 100 1# - MAIN ENTRY--PERSONAL NAME | |
| Personal name | Campbell, James B. |
| 245 00 - TITLE STATEMENT | |
| Title | Introduction to remote sensing |
| 250 ## - EDITION STATEMENT | |
| Edition statement | 3rd. ed. |
| 260 3# - PUBLICATION, DISTRIBUTION, ETC. | |
| Place of publication, distribution, etc. | London |
| Name of publisher, distributor, etc. | Taylor and Francis |
| Date of publication, distribution, etc. | 2002 |
| 300 ## - PHYSICAL DESCRIPTION | |
| Extent | xxxi, 619p. |
| Other physical details | ill |
| Dimensions | 26cm. |
| 350 ## - PRICE (NR) (BK AM CF MU VM SE) [OBSOLETE] | |
| Price | 30.99 |
| 520 ## - SUMMARY, ETC. | |
| Summary, etc. | Introductory overview to the most widely used forms of remote sensing imagery and their applications in plant sciences, hydrology, earth sciences and land-use analysis. Part one: Foundations details the history and scope of remore sensing and electromagentic radiation. Part two: Image Acquisition covers photographic sensors, diigital data, image interpretation, land observation satellites, active microwave and lidar, thermal radiation and image resolution. Part three: Analysis includes preprocessing, image classification, field data, accuracy assessment and hyperspectral remote sensing. Part four: Applications includes GIS, plant, earth and hydrospheric sciences, land use/ land cover and global remote sensing. References. |
| 690 ## - LOCAL SUBJECT ADDED ENTRY--TOPICAL TERM (OCLC, RLIN) | |
| Topical term or geographic name as entry element | ENVIRONMENTAL AND LAND CONSULTANCY-GEOMATICS-PHOTOGRAMMETRY AND REMOTE SENSING |
| 942 ## - ADDED ENTRY ELEMENTS (KOHA) | |
| Suppress in OPAC | 0 |
| Withdrawn status | Lost status | Source of classification or shelving scheme | Damaged status | Not for loan | Home library | Current library | Shelving location | Date acquired | Cost, normal purchase price | Total Checkouts | Full call number | Barcode | Date last seen | Copy number | Cost, replacement price | Price effective from | Koha item type |
|---|---|---|---|---|---|---|---|---|---|---|---|---|---|---|---|---|---|
| Dewey Decimal Classification | London | London | Books | 06/12/2005 | 30.99 | 526.982 CAM | 30063463 | 06/08/2019 | 1 | 30.99 | 06/08/2019 | Book |